[Event "Rottach Egern Seniors Cup 9th"]
[Site "Rottach Egern"]
[Date "2021.10.22"]
[Round "1"]
[White "Samarian, Cornel"]
[Black "Moritz, Hartmut"]
[Result "0-1"]
[WhiteElo "1666"]
[BlackElo "2013"]
[PlyCount "80"]
[EventDate "2021.10.22"]
[EventType "swiss"]
[EventRounds "7"]
[EventCountry "GER"]
[SourceTitle "CBM 204 Extra"]
[Source "ChessBase"]
[SourceDate "2021.11.30"]
[SourceVersion "1"]
[SourceVersionDate "2021.11.30"]
[SourceQuality "1"]

1. d4 b5 2. Nf3 Nf6 3. Bf4 Bb7 4. e3 b4 5. Nbd2 e6 6. Rc1 Be7 7. Be2 0-0 8. 0-0 Nh5 9. Bg3 Nxg3 10. hxg3 a5 11. b3 Na6 12. Nc4 c5 13. Qd2 d5 14. Nce5 f6 15. Ng4 Qb6 16. Rfd1 Rac8 17. c4 bxc3 18. Rxc3 cxd4 19. Rxc8 Rxc8 20. exd4 Nb4 21. Bd3 Nxd3 22. Qxd3 Ba6 23. Qe3 Rc2 24. Rd2 Rc1+ 25. Ne1 Bb4 26. Kh2 h5 27. Nxf6+ gxf6 28. Qh6 Qc7 29. Qg6+ Qg7 30. Qe8+ Kh7 31. Qxe6 Bxd2 32. Qf5+ Kh8 33. Nf3 Bg5 34. Qxd5 Bb7 35. Qd8+ Kh7 36. Nxg5+ fxg5 37. Qxa5 h4 38. Qf5+ Kh8 39. g4 Qc7+ 40. Kh3 Rh1# 0-1

[Event "Oberliga Nord O 1920"]
[Site "Germany"]
[Date "2019.11.24"]
[Round "3.4"]
[White "Seils, Joerg"]
[Black "Moritz, Hartmut"]
[Result "1/2-1/2"]
[WhiteElo "2321"]
[BlackElo "2074"]
[PlyCount "133"]
[EventDate "2019.09.29"]
[EventType "team-tourn"]
[EventRounds "9"]
[EventCountry "GER"]
[SourceTitle "CBM 195 Extra"]
[Source "ChessBase"]
[SourceDate "2020.05.31"]
[SourceVersion "1"]
[SourceVersionDate "2020.05.31"]
[SourceQuality "1"]

1. e4 e6 2. d4 d5 3. exd5 exd5 4. Nf3 Bd6 5. c4 c6 6. Bd3 Ne7 7. 0-0 0-0 8. Nc3 dxc4 9. Bxc4 Bg4 10. h3 Bh5 11. Ne4 Nd5 12. Bg5 f6 13. Bh4 Bf4 14. Nc5 Bf7 15. Ne5 Bxe5 16. dxe5 Qb6 17. Bxd5 Bxd5 18. Qc2 fxe5 19. Rfe1 Rf7 20. Rxe5 Nd7 21. Nxd7 Rxd7 22. Rae1 Bf7 23. b3 Qd4 24. Bg5 Rf8 25. Qe2 Rd5 26. Re4 Qc3 27. h4 h6 28. Rc4 Qd3 29. Rb4 Qxe2 30. Rxe2 hxg5 31. Rxb7 a5 32. hxg5 Rxg5 33. f3 Bd5 34. Kf2 Rgf5 35. Ra7 Bf7 36. Rc2 Rc8 37. Ra6 Be8 38. Rc4 Rd5 39. Ke3 Bd7 40. Rc2 Re8+ 41. Kf2 Kf7 42. g4 g5 43. Ra7 Ke6 44. Rc4 Kd6 45. Rc2 Ree5 46. Kg3 Rd3 47. Rh2 Be6 48. Rf2 Rc5 49. Rg7 Bd7 50. Rh2 Rdd5 51. Rh6+ Kc7 52. Rh2 Kb6 53. Re2 Rc3 54. Ree7 Rcd3 55. Re2 Kb5 56. Re4 c5 57. Rg6 R3d4 58. Re3 a4 59. Rg8 axb3 60. axb3 Kb4 61. Rb8+ Ka3 62. b4+ Rd3 63. Rxd3+ Rxd3 64. bxc5 Rc3 65. Rd8 Bc6 66. Rf8 Rxc5 67. Rf5 1/2-1/2

[Event "Oberliga Nord O 1920"]
[Site "Germany"]
[Date "2019.09.29"]
[Round "1.4"]
[White "Lerch, Philipp"]
[Black "Moritz, Hartmut"]
[Result "1-0"]
[WhiteElo "2318"]
[BlackElo "2074"]
[PlyCount "47"]
[EventDate "2019.09.29"]
[EventType "team-tourn"]
[EventRounds "9"]
[EventCountry "GER"]
[SourceTitle "CBM 195 Extra"]
[Source "ChessBase"]
[SourceDate "2020.05.31"]
[SourceVersion "1"]
[SourceVersionDate "2020.05.31"]
[SourceQuality "1"]

1. d4 Nf6 2. Nf3 d5 3. e3 e6 4. Bd3 c5 5. b3 Nc6 6. Bb2 Nb4 7. Be2 cxd4 8. exd4 Qc7 9. c4 b6 10. Nc3 a6 11. Rc1 dxc4 12. bxc4 Bb7 13. a3 Nc6 14. d5 Nd8 15. Na4 Bc5 16. Nxc5 bxc5 17. 0-0 0-0 18. Bxf6 gxf6 19. Qd2 Qd6 20. Rfd1 e5 21. Bd3 Kg7 22. Nh4 Bc8 23. Bf5 Kh8 24. Qh6 1-0

[Event "Mecklenburg VP VL1819"]
[Site "Mecklenburg VP"]
[Date "2019.03.10"]
[Round "7.4"]
[White "Hilpert, Andreas"]
[Black "Moritz, Hartmut"]
[Result "0-1"]
[WhiteElo "1860"]
[BlackElo "1917"]
[PlyCount "84"]
[EventDate "2018.10.21"]
[EventType "team-tourn"]
[EventRounds "9"]
[EventCountry "GER"]
[SourceTitle "EXT 2022"]
[Source "ChessBase"]
[SourceDate "2021.10.06"]
[SourceVersion "1"]
[SourceVersionDate "2021.10.06"]
[SourceQuality "1"]
[WhiteTeam "Ludwigslust VT 2000"]
[BlackTeam "Graal Mueritz"]
[WhiteTeamCountry "GER"]
[BlackTeamCountry "GER"]

1. e4 e6 2. b3 d5 3. Bb2 dxe4 4. Nc3 Nf6 5. Qe2 Bd7 6. Nxe4 Nxe4 7. Qxe4 Bc6 8. Qg4 Nd7 9. Nf3 Nf6 10. Qh3 Be4 11. 0-0-0 Bf5 12. Qh4 Ne4 13. Qxd8+ Rxd8 14. Bd4 Ba3+ 15. Kb1 0-0 16. Be2 Rxd4 17. Nxd4 Nxf2 18. Nxf5 exf5 19. c3 Nxh1 20. Rxh1 Bd6 21. Bf3 b6 22. d4 Re8 23. h3 g5 24. Kc2 Kg7 25. a4 a5 26. Rb1 Re3 27. Kd2 Bf4 28. Kc2 Kg6 29. b4 axb4 30. Rxb4 h5 31. d5 Bd6 32. Rc4 g4 33. hxg4 hxg4 34. Kd2 Re5 35. Be2 Rxd5+ 36. Bd3 Kg5 37. Ke2 Bc5 38. Bc2 Re5+ 39. Kf1 g3 40. Bd1 Bf2 41. Be2 c5 42. a5 b5 0-1

[Event "Mecklenburg VP LL 1617"]
[Site "Mecklenburg VP"]
[Date "2016.10.16"]
[Round "1.3"]
[White "Moritz, Hartmut"]
[Black "Glawe, Hartmut"]
[Result "0-1"]
[WhiteElo "1844"]
[BlackElo "1939"]
[PlyCount "74"]
[EventDate "2016.10.16"]
[EventType "team-tourn"]
[EventRounds "9"]
[EventCountry "GER"]
[SourceTitle "EXT 2022"]
[Source "ChessBase"]
[SourceDate "2021.10.06"]
[SourceVersion "1"]
[SourceVersionDate "2021.10.06"]
[SourceQuality "1"]
[WhiteTeam "Rostock SSC 07 II"]
[BlackTeam "Stralsund FHSG"]
[WhiteTeamCountry "GER"]
[BlackTeamCountry "GER"]

1. e4 c5 2. c3 Nf6 3. e5 Nd5 4. d4 e6 5. Nf3 Nc6 6. a3 cxd4 7. cxd4 d6 8. Bc4 dxe5 9. dxe5 Be7 10. 0-0 0-0 11. b4 Qc7 12. Qe2 a6 13. Bb2 Nf4 14. Qe4 Ng6 15. Rc1 Bd7 16. Nbd2 Rac8 17. Bd3 Qb8 18. h4 Rfd8 19. h5 Nf8 20. Nc4 Na7 21. Qg4 Be8 22. Nd6 Rxc1+ 23. Rxc1 Rd7 24. Ng5 f5 25. exf6 Bxd6 26. Bxh7+ Nxh7 27. f7+ Bxf7 28. Nxh7 Be5 29. Nf6+ Bxf6 30. Bxf6 Bxh5 31. Qxe6+ Rf7 32. Be5 Qf8 33. Bd4 Nc6 34. Bc5 Qd8 35. Rc4 Qf6 36. Qe8+ Kh7 37. g3 Qa1+ 0-1

[Event "Mecklenburg VP LL2 Ost 1516"]
[Site "Mecklenburg VP"]
[Date "2016.04.24"]
[Round "9.3"]
[White "Peters, Hans Joachim"]
[Black "Moritz, Hartmut"]
[Result "0-1"]
[WhiteElo "1748"]
[BlackElo "1852"]
[PlyCount "74"]
[EventDate "2015.09.20"]
[EventType "team-tourn"]
[EventRounds "9"]
[EventCountry "GER"]
[SourceTitle "EXT 2022"]
[Source "ChessBase"]
[SourceDate "2021.10.06"]
[SourceVersion "1"]
[SourceVersionDate "2021.10.06"]
[SourceQuality "1"]
[WhiteTeam "Neubrandenburg SG Eintracht III"]
[BlackTeam "Rostock SSC 07 III"]
[WhiteTeamCountry "GER"]
[BlackTeamCountry "GER"]

1. e4 e6 2. d4 d5 3. Nc3 Nf6 4. Bg5 Be7 5. e5 Nfd7 6. Bxe7 Qxe7 7. f4 a6 8. Nf3 c5 9. Be2 Nc6 10. Qd2 0-0 11. Nd1 cxd4 12. Nxd4 f6 13. exf6 Nxf6 14. Bf3 e5 15. fxe5 Qxe5+ 16. Ne2 Bg4 17. 0-0 Bxf3 18. Rxf3 Ne4 19. Rxf8+ Rxf8 20. Qe1 Re8 21. Nec3 Nd4 22. Nxe4 Nxc2 23. Nf6+ gxf6 24. Qxe5 fxe5 25. Rc1 Nb4 26. a3 Nc6 27. Nc3 Rd8 28. Rd1 Ne7 29. Ne4 b6 30. g4 Rf8 31. Nc3 d4 32. Na4 Nd5 33. Re1 Re8 34. Kf2 e4 35. Rd1 d3 36. Nc3 e3+ 37. Ke1 Nf4 0-1

[Event "Mecklenburg VP LL2 Ost 1415"]
[Site "Mecklenburg VP"]
[Date "2015.04.12"]
[Round "8.3"]
[White "Moritz, Hartmut"]
[Black "Kilp, Andreas"]
[Result "1-0"]
[WhiteElo "1831"]
[BlackElo "1632"]
[PlyCount "74"]
[EventDate "2014.09.21"]
[EventType "team-tourn"]
[EventRounds "9"]
[EventCountry "GER"]
[SourceTitle "EXT 2022"]
[Source "ChessBase"]
[SourceDate "2021.10.06"]
[SourceVersion "1"]
[SourceVersionDate "2021.10.06"]
[SourceQuality "1"]
[WhiteTeam "Rostock SSC 07 III"]
[BlackTeam "Torgelow Droegeheide II"]
[WhiteTeamCountry "GER"]
[BlackTeamCountry "GER"]

1. e4 e5 2. Nf3 Nc6 3. c3 Nf6 4. d4 exd4 5. e5 Ng8 6. cxd4 Bb4+ 7. Nc3 d6 8. Bc4 h6 9. Qb3 Bxc3+ 10. bxc3 Nge7 11. Bxf7+ Kf8 12. e6 Na5 13. Qb4 Nec6 14. Qb5 a6 15. Qf5 Qf6 16. Qxf6 gxf6 17. Nh4 Ne7 18. 0-0 Nc4 19. Re1 b6 20. Ng6+ Nxg6 21. Bxg6 Ke7 22. Be4 Rb8 23. d5 Bb7 24. f4 Rbg8 25. Kf2 Rf8 26. Rb1 f5 27. Bf3 a5 28. Rd1 Rb8 29. Be2 Ba6 30. a4 b5 31. Rd4 c5 32. dxc6 Rhc8 33. axb5 Bxb5 34. Bxc4 Bxc6 35. Rxb8 Rxb8 36. Ba3 Rd8 37. Ba2 Bb5 1-0

[Event "Mecklenburg VP LL2 West 1314"]
[Site "Mecklenburg VP"]
[Date "2013.11.17"]
[Round "2.3"]
[White "Gipp, Thomas"]
[Black "Moritz, Hartmut"]
[Result "1-0"]
[WhiteElo "1902"]
[BlackElo "1816"]
[PlyCount "91"]
[EventDate "2013.10.27"]
[EventType "team-tourn"]
[EventRounds "9"]
[EventCountry "GER"]
[SourceTitle "EXT 2022"]
[Source "ChessBase"]
[SourceDate "2021.10.06"]
[SourceVersion "1"]
[SourceVersionDate "2021.10.06"]
[SourceQuality "1"]
[WhiteTeam "Kuehlungsborn SV Empor"]
[BlackTeam "Rostock SSC 07 III"]
[WhiteTeamCountry "GER"]
[BlackTeamCountry "GER"]

1. d4 Nf6 2. c4 e5 3. dxe5 Ng4 4. Nf3 Nc6 5. a3 Ngxe5 6. e4 d6 7. Be2 Be7 8. 0-0 0-0 9. Nc3 Be6 10. Nd5 f5 11. Nxe5 dxe5 12. exf5 Bxf5 13. Be3 Bg5 14. Qd2 Bxe3 15. Qxe3 Qd6 16. Rad1 Nd4 17. Bd3 c6 18. Nc3 Qg6 19. Bxf5 Rxf5 20. Ne2 c5 21. Ng3 Rg5 22. h4 Rg4 23. Qxe5 Re8 24. Qxc5 Nf3+ 25. gxf3 Rxg3+ 26. Kh2 Rxf3 27. Qd5+ Qf7 28. Qxf7+ Kxf7 29. Rd4 Rb3 30. Rd7+ Re7 31. Rxe7+ Kxe7 32. Re1+ Kd6 33. Re2 h6 34. Kg2 g5 35. hxg5 hxg5 36. f3 Kc5 37. Kg3 Kxc4 38. Kg4 Rb5 39. Re4+ Kb3 40. Rb4+ Rxb4+ 41. axb4 Kxb4 42. Kxg5 Kc5 43. f4 Kd6 44. Kf6 a5 45. f5 b5 46. Kg7 1-0

[Event "Mecklenburg VP LL2 Ost 1112"]
[Site "Mecklenburg VP"]
[Date "2012.02.26"]
[Round "6.3"]
[White "Moritz, Hartmut"]
[Black "Greinert, Timo"]
[Result "1/2-1/2"]
[WhiteElo "1823"]
[BlackElo "1771"]
[PlyCount "25"]
[EventDate "2011.10.02"]
[EventType "team-tourn"]
[EventRounds "9"]
[EventCountry "GER"]
[SourceTitle "EXT 2022"]
[Source "ChessBase"]
[SourceDate "2021.10.06"]
[SourceVersion "1"]
[SourceVersionDate "2021.10.06"]
[SourceQuality "1"]
[WhiteTeam "Rostock SSC 07 III"]
[BlackTeam "Torgelow Droegeheide II"]
[WhiteTeamCountry "GER"]
[BlackTeamCountry "GER"]

1. e4 c6 2. d4 d5 3. e5 Bf5 4. Ne2 e6 5. Ng3 Bg6 6. Bd3 c5 7. c3 Nc6 8. b3 Qb6 9. Bxg6 hxg6 10. Be3 Nh6 11. 0-0 Nf5 12. Nxf5 gxf5 13. f4 1/2-1/2